000 00761nam a2200241 a 4500
001 BRL_1100
005 20190320211032.0
008 111113s1966----mx-a######---#000-0#spa-#
041 _aspaeng
044 _amx
050 4 _aND257
_b.N48 1966
100 1 _aNeuvillate, Alfonso de
_925792
245 1 0 _aPintura actual
_bMéxico 1966
_cpor Alfonso de Neuvillate ; introducción de Justino Fernández.
260 _aMéxico
_bArtes de México y del Mundo
_c1966
300 _a67 p.
_bil. (algunas a color), 70 láminas
_c32 cm.
500 _aAu978
546 _aTexto en : español e inglés
650 1 4 _aPintura contemporánea
_zMéxico
_925793
650 1 4 _aPintura
_zMéxico
_911995
700 1 _aFernández, Justino
_9906
902 _aGRL
942 _2lcc
_cB
999 _c9912
_d9912